| 000 | 00710nam a22002537a 4500 | ||
|---|---|---|---|
| 001 | 00008980 | ||
| 003 | DO-SdBNP | ||
| 005 | 20180118111349.0 | ||
| 007 | 00008980 | ||
| 008 | 160608b 1986 sp ||||| |||| 00| 0 spa d | ||
| 020 | _a8485831675 | ||
| 040 |
_aBPMSU _bspa _cBPMSU |
||
| 092 |
_axxxx _bxxxx |
||
| 100 | 1 |
_aBarrena, Pablo, _e1948- |
|
| 245 | 1 | 0 |
_aEl caso Brackenstall / _cPablo Barrena ; ilustraciones Justo Jimeno. |
| 260 |
_a[Madrid] : _bIngelek, _c1986. |
||
| 300 |
_a94 p. : _3 il. ; _620 cm. |
||
| 490 | 1 |
_aMultiaventura _v3 |
|
| 700 | 1 | 2 |
_aJimeno, Justo, _eil. |
| 830 |
_pMultiaventura _v3 |
||
| 942 |
_2ddc _cBK |
||
| 945 | _aInventariado, 2018/LP | ||
| 956 |
_aLOPEREZ _b10 _c20160608 |
||
| 999 |
_c10312 _d10312 |
||